[Event "Poronin Tatra Limba op-B"]
[Site "Poronin"]
[Date "2021.05.22"]
[Round "1.12"]
[White "Ptaszynski, Szymon"]
[Black "Bandyk, Joanna"]
[Result "1/2-1/2"]
[WhiteElo "1529"]
[BlackElo "1213"]
[PlyCount "120"]
[EventDate "2021.05.22"]
[EventType "swiss"]
[EventRounds "9"]
[EventCountry "POL"]
[SourceTitle "EXT 2022"]
[Source "ChessBase"]
[SourceDate "2021.10.06"]
[SourceVersion "1"]
[SourceVersionDate "2021.10.06"]
[SourceQuality "1"]

1. e4 c5 2. Nf3 d6 3. d4 cxd4 4. Nxd4 Nf6 5. Nc3 a6 6. Be3 e5 7. Nb3 Be7 8. f3 Be6 9. Qd2 Nc6 10. Be2 Rc8 11. 0-0 0-0 12. Rad1 Qd7 13. Rfe1 b5 14. a3 Qb7 15. Bg5 Rfd8 16. Bxf6 Bxf6 17. Bd3 Ne7 18. Kh1 Ng6 19. Nd5 Bxd5 20. exd5 Qxd5 21. Bxg6 Qxd2 22. Bxh7+ Kxh7 23. Rxd2 d5 24. c3 d4 25. cxd4 exd4 26. Red1 d3 27. g3 Rc2 28. Rxd3 Rxd3 29. Rxd3 Bxb2 30. Nd4 Bxd4 31. Rxd4 Rc3 32. a4 Rxf3 33. axb5 axb5 34. Kg2 Rb3 35. Rd7 Kg6 36. h4 b4 37. Rb7 Rb1 38. Rb6+ f6 39. g4 b3 40. Rb7 b2 41. Kh2 Kh6 42. Kg2 g6 43. Rb6 Kg7 44. Rb7+ Kf8 45. Rb8+ Kg7 46. Rb7+ Kf8 47. Kh2 Ke8 48. Rb8+ Kf7 49. Kg2 Kg7 50. Kh2 Kf7 51. Rb7+ Kf8 52. Rb8+ Kf7 53. Rb7+ Kf8 54. Rb8+ Kf7 55. Rb5 Kg7 56. Rb8 Kf7 57. Kg2 Kg7 58. Kh2 Kf7 59. Kg2 Kg7 60. Kh2 Kf7 1/2-1/2